000 00314nam a2200121Ia 4500
008 220204s9999 xx 000 0 und d
082 _a336.2
_bDAT
100 _aDatar, Arvind P
245 0 _aGuide to central excise law and practice. 2 V
250 _aEd.3
260 _aNagpur
_bWadhawa and Co
_c1992
942 _cBK
999 _c40377
_d40377